000 00575nam a2200229Ia 4500
003 OSt
005 20220918185839.0
006 a|||||r|||| 00| 0
007 ta
008 220917b |||||||| |||| 00| 0 eng d
024 _a53,045
037 _cTextual
040 _aARTS
_cARTS
_beng
041 _2eng
_aeng
082 _aP122:H3:35, G4
100 _aBement N S
_970470
245 0 _aFrench modal syntax in the 16th century
260 _c1934
650 _aLINGUISTICS
942 _hP122:H3:35, G4
_cTEXL
_2CC
999 _c182351
_d182351